Teoría y métodos de la ciencia política.

Kaydedildi:
Detaylı Bibliyografya
Diğer Yazarlar: Marsh, David (Editör), Stoker, Gerry (Editör), Cuéllar Menezo, Jesús (versión española)
Materyal Türü: Kitap
Baskı/Yayın Bilgisi: Madrid, España: Alianza, 1997.
Edisyon:Primera edición
Seri Bilgileri:Alianza Universidad Textos
Konular:
Etiketler: Etiketle
Etiket eklenmemiş, İlk siz ekleyin!

MARC

LEADER 00000cam a2200000 a 4500
001 UCF3021
003 CL-VaPUC
005 20220818154715.0
008 220818t1997 ||||| |||| 00| 0 eng d
999 |c 349543  |d 349541 
020 |a 978-84-206-8165-8 
040 |c Pontificia Universidad Católica de Valparaíso 
082 0 4 |a 320.01 MAR 1997  |2 21 
100 |a Marsh, David  |e editor  |9 564907 
245 1 0 |a Teoría y métodos de la ciencia política. 
250 |a Primera edición 
260 |a Madrid, España:  |b Alianza,  |c 1997. 
300 |a 338 páginas. 
490 |a Alianza Universidad Textos 
500 |a c.3 Donación Eduardo Araya. HIS/008 24/06/2022 
583 |a last modification  |c 20170530 05:37:52  |k Rodrigo Vera 
650 7 |a Filosofía política  |2 CL-VaPUC  |9 564909 
650 0 |a Ciencia política  |9 324218 
700 0 |a Stoker, Gerry  |e editor  |9 564908 
700 0 |a Cuéllar Menezo, Jesús  |e versión española  |9 875654 
942 |c BK  |2 ddc 
945 |d 20120914 00:00:00  |a dcastane 
952 |0 0  |1 0  |4 0  |6 320_010000000000000_MAR_1997  |7 0  |8 A  |9 452180  |a BIBHIS  |b BIBHIS  |d 2019-11-22  |i 4904958  |o 320.01 MAR 1997  |p 4904958  |r 2025-01-20  |w 2019-11-22  |y BK  |k HIS 
952 |0 0  |1 0  |3 erb  |4 0  |6 320_010000000000000_MAR_1997  |7 0  |8 A  |9 452181  |a BIBHIS  |b BIBHIS  |i 547423K  |o 320.01 MAR 1997  |p 547423K  |r 2025-01-20  |w 2019-11-22  |y BK  |z Catalogado en:20180608  |k HIS 
952 |0 0  |1 0  |2 ddc  |4 0  |6 320_010000000000000_MAR_1997  |7 0  |8 A  |9 586291  |a BIBHIS  |b BIBHIS  |c GEN  |d 2022-08-18  |e Donación  |i 5654235  |o 320.01 MAR 1997  |p 5654235  |r 2025-01-20  |t 3  |w 2022-08-18  |y BK  |k HIS